| 000 -LEADER |
| fixed length control field |
00719cam a2200217 a 4500 |
| 001 - CONTROL NUMBER |
| control field |
16704219 |
| 005 - DATE AND TIME OF LATEST TRANSACTION |
| control field |
20221114113140.0 |
| 008 - FIXED-LENGTH DATA ELEMENTS--GENERAL INFORMATION |
| fixed length control field |
110323s2013 maua b 001 0 eng |
| 020 ## - INTERNATIONAL STANDARD BOOK NUMBER |
| International Standard Book Number |
9781449637514x |
| 041 ## - LANGUAGE CODE |
| Language code of text/sound track or separate title |
eng |
| 080 ## - UNIVERSAL DECIMAL CLASSIFICATION NUMBER |
| Universal Decimal Classification number |
576.3 P-93 |
| 100 1# - MAIN ENTRY--PERSONAL NAME |
| Personal name |
Plopper, George. |
| 9 (RLIN) |
11625 |
| 245 10 - TITLE STATEMENT |
| Title |
Principles of cell biology / |
| Statement of responsibility, etc. |
George Plopper. |
| 264 ## - PRODUCTION, PUBLICATION, DISTRIBUTION, MANUFACTURE, AND COPYRIGHT NOTICE |
| Place of production, publication, distribution, manufacture |
Burlington, MA : |
| Name of producer, publisher, distributor, manufacturer |
Jones & Bartlett Learning, |
| Date of production, publication, distribution, manufacture, or copyright notice |
2013. |
| 300 ## - PHYSICAL DESCRIPTION |
| Extent |
510 p. : |
| Other physical details |
col. ill ; |
| Dimensions |
28 cm. |
| 504 ## - BIBLIOGRAPHY, ETC. NOTE |
| Bibliography, etc. note |
Includes bibliographical references and index. |
| 653 ## - INDEX TERM--UNCONTROLLED |
| keyword |
Principles of cell biology |
| 653 ## - INDEX TERM--UNCONTROLLED |
| keyword |
ბიოლოგია |
| 653 ## - INDEX TERM--UNCONTROLLED |
| keyword |
უჯრედის ბიოლოგიის პრინციპები |
| 942 ## - ADDED ENTRY ELEMENTS (KOHA) |
| Source of classification or shelving scheme |
|
| Koha item type |
წიგნი |